000 00767nam a2200277Ia 4500
001 12588
005 20240113235405.0
007 ta
008 051021s1964 a g b000 u 465 u
040 _aCotton College,Assam
041 _a465
082 _a372.954
_bN 213 In
110 _aNCERT .
_c(New Delhi )
245 0 _aThe Indian Year book of Education 1964: Second Yearbook Elementary Education /
_cNCERT.
_hTextual Documents
250 _a1st ed. /
260 _aNew Delhi :
_bNCERT ,
_c1964.
300 _axix,749p. :
_bill. ;
_c22cm .
504 _aIndex
653 _aEducation
653 _aYear book-Education
653 _aElementary Education
653 _aG-Education
942 _2ddc
_cBK
999 _c12574
_d12574